৫২ টি প্রোগ্রামিং সমস্যা ও সমাধান / (Record no. 12172)
[ view plain ]
| 000 -LEADER | |
|---|---|
| fixed length control field | 01134nam a2200265 a 4500 |
| 001 - CONTROL NUMBER | |
| JCCL Control Number | 12172 |
| 003 - CONTROL NUMBER IDENTIFIER | |
| JCCL marc code | BD-JhCC |
| 005 - DATE AND TIME OF LATEST TRANSACTION | |
| control field | 20211025134021.0 |
| 008 - FIXED-LENGTH DATA ELEMENTS--GENERAL INFORMATION | |
| fixed length control field | 210301s20162019bg a|||| ||a| 000 0 mul d |
| 020 ## - INTERNATIONAL STANDARD BOOK NUMBER | |
| International Standard Book Number | 9789849216407 |
| 035 ## - SYSTEM CONTROL NUMBER | |
| system control number | (BD-JhCC)12172 |
| 040 ## - CATALOGING SOURCE | |
| Original cataloging agency | BD-JhCC |
| Modifying agency | BD-JhCC |
| 041 ## - LANGUAGE CODE | |
| Language code of Book | ben |
| 082 ## - DEWEY DECIMAL CLASSIFICATION NUMBER | |
| Classification number | 005.133 |
| Author mark and Year | SUB 2019 |
| 100 ## - MAIN ENTRY--PERSONAL NAME | |
| Personal name | সুবিন, তামিম শাহ্রিয়ার |
| 245 ## - TITLE STATEMENT | |
| Title | ৫২ টি প্রোগ্রামিং সমস্যা ও সমাধান / |
| Statement of responsibility, etc | তামিম শাহ্রিয়ার সুবিন, তাহমিদ রাফি এবং তামান্না নিশাত রিনি |
| 260 ## - PUBLICATION, DISTRIBUTION, ETC. (IMPRINT) | |
| Place of publication, distribution, etc | ঢাকা: |
| Name of publisher, distributor, etc | দ্বিমিক প্রকাশনী; |
| Date of publication, distribution, etc | ২০১৯. |
| 300 ## - PHYSICAL DESCRIPTION | |
| Pagination | ১৫০ পৃ. : |
| Other physical details | চিত্রাবলী ; |
| Dimensions | ২৪ সেমি. |
| 650 ## - SUBJECT ADDED ENTRY--TOPICAL TERM | |
| Topical term or geographic name as entry element | Computer programming |
| 650 ## - SUBJECT ADDED ENTRY--TOPICAL TERM | |
| Topical term or geographic name as entry element | Programming languages (Electronic computers) |
| 700 ## - ADDED ENTRY--PERSONAL NAME | |
| Personal name | রাফি, তাহমিদ |
| 700 ## - ADDED ENTRY--PERSONAL NAME | |
| Personal name | রিনি, তামান্না নিশাত |
| 942 ## - ADDED ENTRY ELEMENTS (KOHA) | |
| Source of classification or shelving scheme | Dewey Decimal Classification |
| Koha item type | Books |
| Koha issues (borrowed), all copies | 1 |
| Source of classification or shelving scheme | Damaged status | Not for loan | Home library | Current library | Shelving location | Date of accession | Cost, normal purchase price | Total Checkouts | Full call number | Barcode | Date last seen | Date checked out | Copy number | Koha item type |
|---|---|---|---|---|---|---|---|---|---|---|---|---|---|---|
| Dewey Decimal Classification | JCC Rouf Library | JCC Rouf Library | General Stacks | 03/22/2021 | 180.00 | 3 | 005.133 SUB 2019 | 16596 | 07/23/2025 | 07/09/2025 | C-1 | Books |